000 00669nam a2200121Ia 4500
008 220620s9999||||xx |||||||||||||| ||und||
100 _aDestrooper, Tine||Belghith, Safa
245 0 _aChapter 7 Overlooking women’s lived realities
_bHow Tunisia’s Truth and Dignity Commission dealt with the hijab ban
546 _aEnglish[eng]
650 _aArab Spring, Transitional Justice, North Africa, Anticorruption, Colonial Legacy, international involvement, Reparations, victim participation, youth leadership, activism, racial taboos
856 _uhttps://library.oapen.org/bitstream/20.500.12657/56703/1/9781003175223_10.43249781003175223-ch07.pdf
942 _cEB
999 _c35048
_d35048